[Event "POL-chT U20 2nd League"]
[Site "Szczyrk"]
[Date "2017.07.27"]
[Round "8.20"]
[White "Lendzion, Kamil"]
[Black "Piwowarczyk, Arkadiusz"]
[Result "0-1"]
[WhiteElo "1626"]
[BlackElo "1622"]
[PlyCount "24"]
[EventDate "2017.07.22"]
[EventType "team-swiss"]
[EventRounds "11"]
[EventCountry "POL"]
[SourceTitle "EXT 2019"]
[Source "ChessBase"]
[SourceDate "2018.10.10"]
[SourceVersion "1"]
[SourceVersionDate "2018.10.10"]
[SourceQuality "1"]

1. e4 d6 2. d4 Nf6 3. Nc3 Nbd7 4. Bc4 e5 5. Nf3 Be7 6. 0-0 c6 7. a4 Qc7 8. Be3 h6 9. Qd3 g5 10. Bxg5 hxg5 11. Nxg5 d5 12. dxe5 dxc4 0-1

[Event "POL-chT U19 2nd League"]
[Site "Szczyrk"]
[Date "2014.07.25"]
[Round "1.85"]
[White "Ziabek, Patryk"]
[Black "Piwowarczyk, Arkadiusz"]
[Result "1-0"]
[WhiteElo "1896"]
[BlackElo "1419"]
[PlyCount "81"]
[EventDate "2014.07.25"]
[EventType "team-swiss"]
[EventRounds "11"]
[EventCountry "POL"]
[SourceTitle "EXT 2015"]
[Source "ChessBase"]
[SourceDate "2014.11.20"]
[SourceVersion "1"]
[SourceVersionDate "2014.11.20"]
[SourceQuality "1"]
[WhiteTeam "Kalisz KTS U19"]
[BlackTeam "Myslenice MLKSz U19 II"]
[WhiteTeamCountry "POL"]
[BlackTeamCountry "POL"]

1. e4 e5 2. Nf3 Nc6 3. Bb5 d6 4. d4 exd4 5. Nxd4 Bd7 6. Nc3 Nxd4 7. Bxd7+ Qxd7 8. Qxd4 Nf6 9. 0-0 Be7 10. b3 h6 11. Bb2 c5 12. Qd3 a6 13. Rad1 0-0 14. e5 Ne8 15. Ne4 Rd8 16. exd6 Qc6 17. Be5 Rd7 18. dxe7 Rxd3 19. exf8Q+ Kxf8 20. cxd3 Kg8 21. Rfe1 Nc7 22. Bxc7 Qxc7 23. Rc1 b6 24. d4 Qd8 25. dxc5 bxc5 26. Nxc5 Qa5 27. a4 Qb4 28. Nxa6 Qxb3 29. Nc5 Qa3 30. Ra1 Qxc5 31. a5 Qa7 32. a6 Kf8 33. Reb1 g6 34. h3 Kg7 35. Rb7 Qd4 36. Ra2 Qd1+ 37. Kh2 Qd6+ 38. g3 Qd5 39. Rbb2 h5 40. a7 h4 41. a8Q 1-0